000
00358nam a2200169Ia 4500
100
_a
Keogh/James
650
_a
Java
942
_c
BK
366
_f
20
654
_a
J2ME
245
_a
Complete Reference J2ME
260
_b
Tata Mc Graw hill pub co
_a
New Delhi
_c
2003
082
_a
005.133J/KEO
_b
KEO
300
_a
758
546
_a
ENGLISH
999
_c
31000
_d
31000